Countries with penultimate letter E - Statistics

General Stats
  • This quiz has been taken 67 times
    39 since last reset
  • The average score is 13 of 17
Answer Stats
Answer % Correct
Sweden
94%
Yemen
94%
United Arab Emirates
89%
Eritrea
83%
Guinea
83%
North Korea
78%
Papua New Guinea
78%
South Korea
78%
Turkey
78%
Equatorial Guinea
72%
Philippines
72%
Saint Vincent and the grenadines
72%
Seychelles
67%
Brunei
61%
Maldives
61%
Niger
56%
Israel
50%
No matching quizzes found
Score Distribution
Percent of People with Each Score
Percentile by Number Answered
Your Score History
You have not taken this quiz since the last reset